Sleep Token - Rain (All lyrics) - Statistics

General Stats
  • This quiz has been taken 181 times
  • The average score is 248 of 294
Answer Stats
Lyrics % Correct
I
99%
I
99%
me
99%
me,
99%
rain
99%
Rain
99%
you
99%
You
99%
a
98%
A
98%
the
98%
The
98%
in
96%
And
95%
and
95%
Just
95%
just
95%
like
95%
so
95%
So
95%
was
94%
have
93%
can
91%
down
91%
that
90%
That
90%
your
90%
For
89%
for
89%
get
89%
my
89%
to
89%
dust
88%
it
88%
long,
88%
long
88%
way
88%
cast
86%
into
86%
nothing
86%
waited
86%
nobody
85%
Nobody
85%
wash
85%
don't
84%
Will
83%
out
83%
will
83%
Will
83%
again
81%
almost
81%
became
81%
feel
81%
from
81%
pleasure?
81%
with
81%
fit
80%
hands
80%
say
80%
statue,
80%
cycle
79%
It's
79%
it's
79%
moment
79%
over
79%
shadow
79%
think
79%
touch
79%
Up
79%
up
79%
wanna
79%
at
78%
cleanse
78%
finally
78%
salt
78%
But
77%
chemical
77%
dangerous
77%
disposition
77%
smiled
77%
dissolving
75%
I'm
75%
see
75%
stoic
75%
vicous
75%
coiled
74%
on
74%
certain
72%
know,
72%
sound
72%
reflected
70%
serpent
70%
venomous
70%
goes
69%
light,
69%
moon
69%
somehow
69%
what
69%
eyes
68%
got
67%
hound
67%
of
67%
reap
65%
Tangled
65%
sow
64%
all
63%
cut
63%
refracted
63%
fate
62%
hooks
62%
am
59%
lamb
59%
wolf,
57%
game
56%
saturate?
56%
When
56%
give,
54%
hear
54%
mouth
54%
darling
53%
If
49%
maybe
49%
future
48%
name
48%
open
48%
trance
48%
yeah
41%
whoa
38%
No matching quizzes found
Score Distribution
Percent of People with Each Score
Percentile by Number Answered
Your Score History
You have not taken this quiz